Destinations from Strasbourg Airport (SXB) - Statistics

General Stats
  • This quiz has been taken 34 times
    9 since last reset
  • The average score is 22 of 39
Answer Stats
Country Airline Destination % Correct
Netherlands Amelia,Air France Amsterdam / AMS
86%
Greece Aegean Airlines,TuiFly,
Volotea
Athens / ATH
86%
Germany Volotea Berlin / BER
86%
Portugal TAP Portugal,TuiFly, Volotea Faro / FAO
86%
Spain TuiFly,Volotea Palma de Mallorca / PMI
86%
Portugal Ryanair Porto / OPO
86%
Italy Volotea Rome / FCO
86%
Tunisia Nouvelair,TuiFly,
TunisAir
Tunis / TUN
86%
Algeria Tassili Airlines,Transavia Algiers / ALG
71%
Spain Volotea Barcelona / BCN
71%
Morocco Royal Air Maroc Casablanca / CMN
71%
Turkey Turkish Airlines Istanbul / IST
71%
UK Volotea London / LGW
71%
France Air France Lyon / LYS
71%
Spain TuiFly,Volotea Malaga / AGP
71%
France Volotea Marseille / MRS
71%
France Volotea Nice / NCE
71%
France TuiFly Ajaccio / AJA
57%
France Volotea Bastia / BIA
57%
France Volotea Bordeaux / BOD
57%
Greece Aegean Airlines,TuiFly,
Volotea
Corfu / CFU
57%
Spain Iberia Madrid / MAD
57%
France Volotea Nantes / NTE
57%
Croatia Volotea Split / SPU
57%
France Volotea Toulouse / TLS
57%
Morocco Ryanair Agadir / AGA
43%
Morocco Air Arabia Fes / FES
43%
France Volotea Montpellier / MPL
43%
Algeria Tassili Airlines Oran / ORN
43%
Italy TuiFly,Volotea Palermo / PMO
43%
France Volotea Biarritz / BIQ
29%
Algeria Tassili Airlines,Transavia Constantine / CZL
29%
Tunisia Nouvelair,TuiFly Djerba / DJE
29%
Spain Volotea Lanzarote / ACE
29%
Marokko ASL Airlines Oujda / OUD
29%
France Volotea Calvi / CLY
14%
France Volotea Figari / FSC
14%
Morocco Air Arabia Nador / NDR
14%
Italy TuiFly,Volotea Olbia / OLB
14%
No matching quizzes found
Score Distribution
Percent of People with Each Score
Percentile by Number Answered
Your Score History
You have not taken this quiz since the last reset